000
00372nam a2200181Ia 4500
100
_a
Avadhanulu/M.N
650
_a
Physics
250
_a
11
942
_c
BK
366
_f
22
654
_a
engineering physics
245
_a
Text book of Engineering Physics
260
_b
S.Chand & Co.
_c
2019
082
_b
AVA
300
_a
1412
546
_a
ENGLISH
999
_c
31549
_d
31549